000 00658nam a2200229Ia 4500
003 GCL
008 140319s9999 xx 000 0 ara d
040 _aGCL /
_cGCL
082 0 4 _a811.082
_bا ا
100 1 _aاميل ناصيف
245 1 0 _aاروع ماقيل فى الوطنيات /
_cاميل ناصيف
260 _a[S.N] :
_bدار الجيل ،
_c1992
300 _a150 ص
490 _a
650 0 4 _aالشعر العربى
650 0 4 _aالادب العربى
650 0 4 _aالشعر القومى
650 0 4 _aالشعر الحماسى
650 0 4 _aدواوين وقصائد
650 0 4 _aالمجموعات
942 _2ddc
_cBK
999 _c28551
_d28551